000 00312nam a22001337a 4500
008 170720b xxu||||| |||| 00| 0 eng d
020 _a9780687003358
041 _aeng
080 _a2
100 _a24
101 _aTEO
245 _aCHRISTIAN SOCIAL ETHICS IN A GLOBAL ERA
_cSTACKHOUSE, M.L
942 _2udc
_cBK
999 _c21662
_d21662